One Piece : Truyện tranh Tập 19 Phản loạn

Câu chuyện kể về hành trình tìm kiếm One Piece - kho báu vĩ đại nhất trên thế giới của Luffy và các thuyền viên của mình. Khi còn nhỏ, Luffy ước mơ trở thành Vua Hải Tặc. Cuộc sống của cậu bé thay đổi khi cậu vô tình ăn phải trái ác quỷ Go...

Descrizione completa

Salvato in:
Dettagli Bibliografici
Autore principale: Eiichiro, Oda
Altri autori: Huyền Trang (Dịch)
Natura: Libro
Lingua:Vietnamese
Pubblicazione: H. Kim Đồng 2014
Soggetti:
Tags: Aggiungi Tag
Nessun Tag, puoi essere il primo ad aggiungerne! !
Thư viện lưu trữ: Thư viện Trường Đại học Nam Cần Thơ
LEADER 01143nam a22002057a 4500
001 NCT_4_003401
008 240115b xxu||||| |||| 00| 0 vie d
999 |c 8042  |d 8042 
020 |c 5000 
082 0 4 |2 23rd ed.  |a 741.5  |b O22/T.19 
100 1 |a Eiichiro, Oda 
245 1 0 |a One Piece :  |b Truyện tranh   |n Tập 19  |p Phản loạn  |c Eiichiro Oda ; Huyền Trang (dịch) 
260 |a H.  |b Kim Đồng  |c 2014 
300 |a 203 tr.  |b Tranh vẽ  |c 18cm 
520 3 |a Câu chuyện kể về hành trình tìm kiếm One Piece - kho báu vĩ đại nhất trên thế giới của Luffy và các thuyền viên của mình. Khi còn nhỏ, Luffy ước mơ trở thành Vua Hải Tặc. Cuộc sống của cậu bé thay đổi khi cậu vô tình ăn phải trái ác quỷ Gomu Gomu no Mi.  
653 |a Tham khảo 
700 0 |a Huyền Trang  |e Dịch 
942 |2 ddc  |c BK 
952 |0 0  |1 0  |2 ddc  |4 0  |6 741_500000000000000_O22_T_19  |7 0  |9 28425  |a 000001  |b 000001  |d 2024-02-20  |o 741.5 O22/T.19  |p TK.03904  |r 2024-02-20  |v 5000.00  |w 2024-02-20  |y BK 
980 |a Thư viện Trường Đại học Nam Cần Thơ